00439nam a2200109Ia 4500008004100000050002400041100002600065245009600091260008600187300002900273521002700302140724s9999 xx 000 0 und d aQA 76.5b.G559 2007 aGliane, Denise Sue T. aSusheden marketing Incorporated online inventory management System /cDenise Sue T. Gliane. aLas Piñas, Philippines :bSouthville International School and Colleges,cc2007. a144 p. :bill. ;c28 cm. aInformation Technology